000 02600nam a2200289 a 4500
003 OSt
005 20240904114242.0
007 cr ||||||a|c|a
008 230516s2019 m ab||fom||| 001 0 sp d
040 _erda
100 1 _9187042
_aAdame Castañeda, Alejandro
245 1 _aHistoria y prespectiva de la cantidad agrícola en la colonia Felipe Ángeles Sombrerete, Zacatecas /
_cAlejandro Adame Castañeda; director de tesis Darío Alejandro Escobar Moreno
264 1 _aChapingo, México :
_bEl autor,
_c2019.
300 _a1 recurso en línea (115 páginas):
_bilustraciones, mapas y tablas.
336 _2rdacontent
_atexto
_btxt
337 _2rdamedia
_acomputadora
_bc
338 _2rdacarrier
_arecurso en línea
_bcr
502 _bMCDRR
_cCentros Regionales
_d2019.
_gMAE
504 _aIncluye referencias bibliográficas: páginas 95-101.
520 _aEl reparto agrario en Zacatecas tiene origen tanto en el proceso revolucionario como en las políticas anti - migración de antaño. El valle frijolero de la zona noroeste del estado, conformado por los municipios con mayor producción a nivel nacional, no es la excepción. Dentro de este valle se encuentra la colonia Felipe Ángeles (FA) perteneciente al municipio de Sombrerete. El reparto agrario en esta comunidad se da por la expropiación de la hacienda de Vergara, cuando se dotó de 4,000 hectáreas a un grupo de 100 familias campesinas en el año de 1932. Desde su fundación, la comunidad, igual que la región, se especializó en la producción de frijol de temporal. Esta actividad fue acompañada por la migración tradicional hacia los Estados Unidos de América (USA). En la actualidad los posesionarios son la segunda o tercera generación de los fundadores originales de la comunidad, pero sus lazos con el vecino país se han consolidado a tal grado que los futuros herederos, o hijos de estos futuros herederos tienen la nacionalidad americana. El documento aborda los procesos de sucesión que se han presentado en la comunidad, y cómo éstos han resultado en la diferenciación entre agricultores y posesionarios de tierras. Además de proporcionar información sobre las nuevas generaciones de las familias de la comunidad.
650 4 _9164455
_aFrijol
_x Zacatecas
650 4 _943335
_aFrijol
_xAspectos económicos
_zZacatecas
650 4 _9130937
_aFrijol
_xRendimiento
_zZacatecas
700 1 _937511
_aEscobar Moreno, Darío Alejandro
_eDirector de tesis.
856 _uhttp://10.13.5.2/tesis/tm/Adame_Castaneda_Alejandro.pdf
_zDESCARGAR PDF
942 _2Clasificación Universidad Autónoma Chapingo
_cTD
999 _c218757
_d218757